| 000 | 00532nam a2200193 a 4500 | ||
|---|---|---|---|
| 005 | 20210219152913.0 | ||
| 008 | 991125n 000 0 spa u | ||
| 035 | _aUPN01000066445 | ||
| 100 | 1 | _aFonseca Veliz, María E | |
| 222 | 0 | _aPEDAGOGIA CUBANA | |
| 245 | 0 | 3 | _aEl cálculo oral en la escuela primaria |
| 300 | _a20-26 | ||
| 362 | 0 | _a1989 Año 1, no. 3-4, oct.-dic. | |
| 653 | 0 | _aEDUCACION PRIMARIA | |
| 653 | 0 | _aMATEMATICA | |
| 700 | 1 |
_aGómez Olivera, Evangelis, _ecoaut. |
|
| 904 |
_aAC _b004256 |
||
| 905 | _aArticulo | ||
| 999 |
_c63497 _d63497 |
||